Statystyki dla Najlepsi strzelcy ligi hiszpańskiej (Primera División)

Kliknij tutaj aby rozwiązać quiz!

Ogólne statystyki

  • Ten quiz został rozwiązany 386 razy
  • Średni wynik to 4 z 10

Statystyki odpowiedzi

GoleZawodnik% Poprawnych
419Lionel Messi
100%
311Cristiano Ronaldo
98%
195Edmundo "Mundo" Suárez
69%
227Alfredo Di Stéfano
55%
228Raúl González
29%
234Hugo Sánchez
18%
251Telmo Zarra
8%
221César Rodríguez
4%
219Enrique "Quini" Castro
1%
211Manuel "Pahiño" Fernández
1%

Rozkład punktacji

Percentyl według liczby udzielonych odpowiedzi

Procent ludzi z każdym wynikiem

Twoja historia wyników

Nie rozwiązałeś tego quizu